00322 a2200109 4500001001000000005001700010008004100027245004500068100002000113773006200133999001700195ART_4696820260410162032.0260409a 10aPapeleros. Rama corrugados. CCT 677/20131 aGodoy, Laura M.0 tLiquidación de sueldosg- Nº 140 (ene. 2018)wREV44399 c34079d34079